Statistics for Name All BFDI Yellow Face Commercials

Click here to take the quiz!

General Stats

  • This quiz has been taken 70 times
  • The average score is 8 of 15

Answer Stats

EpisodeHintProduct% Correct
BFDI 16, BFDIA 6"Our super glue makes them un-removable!"Revolutionary Headphones
90%
BFDI 24"Like, Flower wore them this one time."Non-Slip Shoes So Ha
80%
BFDI 1a"Need a break from all the stress?"Gumball
78%
BFDI 10"POOF! It's a dollar bill!"Box of Paper Slips
68%
BFDI 7"Want skin that's smooth and soft?"Bubble Transformer
68%
BFB 6"Um.. y'know... those loud noises?" *screech*Revolutionary Earmuffs
64%
TPOT 5"Then why don't you set it on fire? And then freeze it? Let it grow on the sun? Or zap it?"How to revive a dead plant
62%
BFDIA 6"Need to kill someone right away?"Katana / Lightsaber / Stick
56%
BFB 21"Need a ____ because, um, you like ____?"Can of beans
40%
BFB 13"Want a scrumptious dining experience but never have the cutlery on hand?"Fork Attractant
38%
BFDIA 6"Oh, well, um, you can get a 5 cent family discount?"Aerospace pillows and blankets
36%
BFDI 24"If you donate $1, you'll get a bumper sticker!"No More Advertisements Foundation
36%
BFDIA 6"Well then keep on craving because that app don't exist!"Meditation app
30%
IDFB 1"If so, then buy our—I mean, let the viewers vote!"Decide who should be freed from the TLC
24%
TPOT 3"Are you a boring person being boring?"Be entertaining for once
8%

Score Distribution

Percentile by Number Answered

Percent of People with Each Score

Your Score History

You have not taken this quiz